|
|
|
|
| LEADER |
00000cam a2200000 7i4500 |
| 001 |
0000003266 |
| 005 |
20050819.0 |
| 020 |
0 |
0 |
|a 1853838098 (pbk.)
|
| 090 |
0 |
0 |
|a 634.98
|b UNC
|
| 245 |
1 |
0 |
|a Uncovering the hidden harvest :
|b valuation methods for woodland and forest resources
|c edited by Bruce M. Campbell and Martin K. Luckert.
|
| 260 |
0 |
0 |
|a London
|a Sterling, VA :
|b Earthscan Publications ,
|c 2001.
|
| 300 |
|
|
|a xii, 262 p. :
|b ill. ;
|c 24 cm.
|
| 490 |
1 |
0 |
|a People and plants conservation manuals
|
| 650 |
0 |
0 |
|a Forest products
|x Economic aspects
|
| 650 |
0 |
0 |
|a Forests and forestry
|x Economic aspects.
|
| 700 |
1 |
1 |
|a Campbell, B. M. [
|q (Bruce Morgan), ,
|d 1953-
|
| 700 |
1 |
1 |
|a Luckert, Martin Karl, ,
|d 1961-
|
| 999 |
|
|
|a 0000006216
|b Monograph
|c Open Shelf
|e Default branch
|